हिन्दी की प्रतिनिधि कहानियां (Record no. 8052)

MARC details
000 -LEADER
fixed length control field 01149 a2200217 4500
005 - DATE AND TIME OF LATEST TRANSACTION
control field 20080922102551.0
008 - FIXED-LENGTH DATA ELEMENTS--GENERAL INFORMATION
fixed length control field 080922t xxu||||| |||| 00| 0 hin d
010 ## - LCCN (DPL NO)
LC control number HIN-81276
020 ## - INTERNATIONAL STANDARD BOOK NUMBER
Terms of availability 215.00
International Standard Book Number 8188188982
035 ## - SYSTEM CONTROL NUMBER
System control number HN-53622
037 ## - SOURCE OF ACQUISITION
Source of stock number/acquisition D.B.Act / pub
082 ## - DEWEY DECIMAL CLASSIFICATION NUMBER
Classification number 823.08
100 ## - MAIN ENTRY--PERSONAL NAME
Personal name नौटियाल, जयन्ती प्रसाद
245 ## - TITLE STATEMENT
Title हिन्दी की प्रतिनिधि कहानियां
Statement of responsibility, etc जयन्ती प्रसाद नौटियाल
246 ## - VARYING FORM OF TITLE
Title proper/short title Hindi ki pratinidhi Kahaniyan
Remainder of title by Jayanti Prasad Nautiyal
260 ## - PUBLICATION, DISTRIBUTION, ETC. (IMPRINT)
Place of publication, distribution, etc दिल्ली
Name of publisher, distributor, etc आर्य प्रकाशन मंडल
Date of publication, distribution, etc 2007
270 ## - ADDRESS
Address ix/221, सरस्वती भंडार, गांधीनगर
City दिल्ली
Postal code 110031
300 ## - PHYSICAL DESCRIPTION
Extent 176पृ
Dimensions 22सेमी (सजिल्द)
942 ## - ADDED ENTRY ELEMENTS (KOHA)
Institution code [OBSOLETE] dpl
Item type Hindi Books
Call number prefix 823.08 / नौटिया
Source of classification or shelving scheme Dewey Decimal Classification
Classification part 823.08
Call number suffix नौटिया
Holdings
Withdrawn status Lost status Source of classification or shelving scheme Damaged status Not for loan Home library Current library Date acquired Cost, normal purchase price Total Checkouts Full call number Barcode Date last seen Copy number Cost, replacement price Koha item type
    Dewey Decimal Classification     D.B.Act.Division D.B.Act.Division 22/09/2008 215.00   823.08 नौटिया HN-53622 15/09/2008 1 215.00 Hindi Books

© Delhi Public Library
Hit Counter
free hit counter